| 000 | 00622nam a22002177a 4500 | ||
|---|---|---|---|
| 003 | OSt | ||
| 005 | 20140310182346.0 | ||
| 008 | 130316t xxu||||| |||| 00| 0 eng d | ||
| 020 | _a978155037363677 | ||
| 050 |
_aPZ 23. _b.F5Pi 1994 |
||
| 082 |
_aGS 823 _bT43p 1994 |
||
| 100 |
_aFilion, Pierre _921945 |
||
| 245 |
_aGilles Tibo : _cPikolo's night voyage / _bPierre Filion. |
||
| 260 |
_aBuffalo, NY : _bAnnick Press, _cc1994. |
||
| 300 |
_c27 cm. _a28 p. : _bcol. ill, ; |
||
| 541 | _j1 | ||
| 562 | _e1 | ||
| 650 |
_aAdventure _xFiction. _921946 |
||
| 650 |
_aChildren's stories _93210 |
||
| 942 |
_2lcc _cBK-GS |
||
| 999 |
_c12229 _d12229 |
||